000 00669nam a22002172 4500
001 0000009197
005 20151217152051.0
008 080912s xx 000 0 eng d
020 _a1577664864 :
_cKES 11,700
040 _aKABU
_cKABU
100 1 _aEkelund, Robert B.
_@0000160286
245 1 2 _aA History of economic theory and method /
_cRobert B. Ekelund, Robert F. Hebert.
250 _a5th ed.
260 _aLong Grove, IL :
_bWaveland,
_c2007.
300 _axvii, 637 p.
650 0 _aEconomics
_xHistory.
_@0000149906
700 1 _aHebert, Robert F.
_@0000160287
908 _a080912
950 _@1
999 _c7826
_d7826